<?xml version="1.0" encoding="UTF-8"?>
<record
    xmlns:xsi="http://www.w3.org/2001/XMLSchema-instance"
    xsi:schemaLocation="http://www.loc.gov/MARC21/slim http://www.loc.gov/standards/marcxml/schema/MARC21slim.xsd"
    xmlns="http://www.loc.gov/MARC21/slim">

  <leader>00944nam0a2200265   4500</leader>
  <controlfield tag="001">RU\NLR\BIBL_A\012041837</controlfield>
  <controlfield tag="005">20250626173702.0</controlfield>
  <datafield tag="035" ind1=" " ind2=" ">
    <subfield code="a">(NLR Aleph) 012041837</subfield>
  </datafield>
  <datafield tag="090" ind1=" " ind2=" ">
    <subfield code="a">11606660</subfield>
    <subfield code="c">11606660</subfield>
  </datafield>
  <datafield tag="100" ind1=" " ind2=" ">
    <subfield code="a">20190624d1931    |||y0rusy50      ca</subfield>
  </datafield>
  <datafield tag="101" ind1="0" ind2=" ">
    <subfield code="a">inh</subfield>
  </datafield>
  <datafield tag="102" ind1=" " ind2=" ">
    <subfield code="a">RU</subfield>
  </datafield>
  <datafield tag="105" ind1=" " ind2=" ">
    <subfield code="a">a   z   000 y</subfield>
  </datafield>
  <datafield tag="200" ind1="1" ind2=" ">
    <subfield code="a">&#x414;&#x43E;&#x430;&#x445;&#x430;&#x43D; &#x431;&#x430;&#x43A;I&#x430;&#x445;&#x44C; &#x430; &#x434;&#x435;&#x442;&#x442;&#x430;&#x440; &#x438; &#x448;&#x443;&#x440;&#x430; &#x43B;&#x435;&#x43B;&#x430;&#x44F;&#x440; &#x438;</subfield>
    <subfield code="f">&#x418;&#x433;&#x43D;&#x430;&#x442;&#x43E;&#x432;-&#x415;&#x439;&#x441;&#x43A;&#x438;&#x439;</subfield>
    <subfield code="g">&#x442;&#x430;&#x440;&#x436;&#x430;&#x43C; &#x41E;&#x432;&#x448;&#x430; &#x43D; &#x41C;.</subfield>
  </datafield>
  <datafield tag="210" ind1=" " ind2=" ">
    <subfield code="a">&#x41E;&#x440;&#x434;&#x436;&#x43E;&#x43D;&#x438;&#x43A;&#x438;&#x434;&#x437;&#x435;</subfield>
    <subfield code="c">&#x421;&#x435;&#x440;&#x434;&#x430;&#x43B;&#x43E;</subfield>
    <subfield code="d">1931</subfield>
  </datafield>
  <datafield tag="215" ind1=" " ind2=" ">
    <subfield code="a">71 &#x441;.</subfield>
    <subfield code="c">&#x438;&#x43B;.</subfield>
    <subfield code="d">20</subfield>
  </datafield>
  <datafield tag="300" ind1=" " ind2=" ">
    <subfield code="a">&#x41B;&#x430;&#x442;&#x438;&#x43D;. &#x433;&#x440;&#x430;&#x444;&#x438;&#x43A;&#x430;</subfield>
  </datafield>
  <datafield tag="541" ind1="1" ind2=" ">
    <subfield code="a">&#x41F;&#x440;&#x430;&#x432;&#x438;&#x43B;&#x44C;&#x43D;&#x43E;&#x435; &#x434;&#x43E;&#x435;&#x43D;&#x438;&#x435; &#x43A;&#x43E;&#x440;&#x43E;&#x432; &#x438; &#x43E;&#x431;&#x440;&#x430;&#x449;&#x435;&#x43D;&#x43D;&#x438;&#x435; &#x441; &#x43C;&#x43E;&#x43B;&#x43E;&#x43A;&#x43E;&#x43C;</subfield>
    <subfield code="z">rus</subfield>
  </datafield>
  <datafield tag="606" ind1="1" ind2=" ">
    <subfield code="a">&#x414;&#x43E;&#x435;&#x43D;&#x438;&#x435;</subfield>
    <subfield code="9">1158698</subfield>
    <subfield code="3">RU\NLR\AUTH\66463327</subfield>
  </datafield>
  <datafield tag="686" ind1="1" ind2=" ">
    <subfield code="a">&#x41F;60-642</subfield>
  </datafield>
  <datafield tag="700" ind1=" " ind2="1">
    <subfield code="a">&#x418;&#x433;&#x43D;&#x430;&#x442;&#x43E;&#x432;-&#x415;&#x439;&#x441;&#x43A;&#x438;&#x439;</subfield>
    <subfield code="4">070</subfield>
  </datafield>
  <datafield tag="852" ind1=" " ind2=" ">
    <subfield code="a">NLR</subfield>
    <subfield code="b">&#x41E;&#x41D;&#x41B;</subfield>
    <subfield code="j">&#x418;&#x43D;&#x433;&#x443;&#x448;./2-91</subfield>
  </datafield>
  <datafield tag="942" ind1=" " ind2=" ">
    <subfield code="c">BOOK</subfield>
  </datafield>
  <datafield tag="980" ind1=" " ind2=" ">
    <subfield code="a">NB</subfield>
  </datafield>
  <datafield tag="995" ind1=" " ind2=" ">
    <subfield code="5">2019-06-24</subfield>
    <subfield code="b">NLR01</subfield>
    <subfield code="c">NLR01</subfield>
    <subfield code="e">ONL</subfield>
    <subfield code="f">1-2408159</subfield>
    <subfield code="k">&#x41E;&#x41D;&#x41B; &#x418;&#x43D;&#x433;&#x443;&#x448;./2-91</subfield>
    <subfield code="o">0</subfield>
    <subfield code="r">BOOK</subfield>
    <subfield code="s">_291</subfield>
  </datafield>
</record>
